| 000 | 00876nam a22002177a 4500 | ||
|---|---|---|---|
| 999 |
_c22264 _d22264 |
||
| 003 | AR-CdUCM | ||
| 008 | 190425b ||||| |||| 00| 0 spa d | ||
| 040 |
_aMUNICIPALIDAD PROVINCIAL DEL CUSCO _cBIBLIOTECA MUNICIPAL DEL CUSCO |
||
| 082 | _aSur/N°173/1991 | ||
| 245 |
_aSur : _bsemanario regional surandino / _cGuido Delran Cousy, Director |
||
| 260 |
_aCusco. _bCentro Bartolomé de las Casas, _c1991. |
||
| 300 |
_a8 páginas. : _bilustraciones ; _c29 cm. |
||
| 440 |
_aSur. _nAño XIV, N°173,1991 _947772 |
||
| 505 | _aContenido: Crisis en el Gobierno de la Region Inka. -- Cusco peatonal más allá de la propuesta turística. -- El Taytacha de los Temblores y el mundo simbólico andino. ... | ||
| 650 |
_aSociedad cusqueña _947493 |
||
| 650 |
_aPolítica _9291 |
||
| 650 |
_aSiglo XX _947750 |
||
| 700 |
_aUrbano, Enrique _939364 |
||
| 942 |
_2ddc _cPP |
||
| 945 | _arac | ||